| 000 | 07094nam a2200553 i 4500 | ||
|---|---|---|---|
| 001 | 000037780 | ||
| 003 | DO-SdBNP | ||
| 005 | 20260321073642.0 | ||
| 007 | ta | ||
| 008 | 090626s20092012dr 001 0 spa d | ||
| 020 | _a9789945462005 (O.C) | ||
| 040 |
_aDO-SdBNP _bspa _cBNPHU |
||
| 082 | 4 |
_aRD868.44 _bB742ob _222 |
|
| 100 | 1 |
_a Bosch, Juan, _d1909-2001 _eautor _4aut. _976555 |
|
| 240 | 1 | 0 |
_aObras _f2009-2012 |
| 245 | 1 | 0 |
_aObras completas / _cJuan Bosch ; presentación y cronología, Guillermo Piña Contreras ; introducción, Pedro Vergés; colaboradores, Eduardo Selman Hasbún, Juan Daniel Balcácer ; estudio y notas, Bruno Rosario Candelier ... [et al]. |
| 246 | 1 | 3 | _aObras completas de Juan Bosch |
| 264 |
_aSanto Domingo : _bComisión Permanente de Efemérides Patrias, _c2009-2012. |
||
| 300 |
_a40 volúmenes ; _c23 cm. |
||
| 336 |
_atexto _btxt _2rdacontent |
||
| 337 |
_asin mediación _bn _2rdamedia |
||
| 338 |
_avolumen _bnc _2rdacarrier |
||
| 500 | _aIncluye índice onomástico | ||
| 500 | _aIncluye referencias bibliográficas y notas al pie de las páginas. | ||
| 500 | _aPublicación de la Comisión Permanente de Efemérides Patrias en ocasión del centenario de Juan Bosch, 2009 | ||
| 505 | 0 | _av. 1-4: Narrativa -- v. 5 : Teoría literaria -- v. 6-7 : biografías -- v. 8 :Textos autobiográficos -- v. 9-12 : Historia dominicana -- v. 13 y 14: Historia del Caribe --v. 15 : Tesis políticas -- v. 17: Textos políticos -- v. 18: Textos econonómicos -- v. 19-26: Discursos -- v. 27: Capacitación política y otros textos -- v. 28 Informes al PLD y otros textos -- v. 29-39 : Obra periodística -- v. 40 : Índices | |
| 505 | 0 | _aNarrativa. I. Camino real ; Dos pesos de agua ; Ocho cuentos -- II. La muchacha de la Guaira ; Cuento de Navidad ; Cuentos dispersos (1929-1979) -- III. La Mañosa ; Apéndice : manuscritos de La Mañosa -- IV. El oro y la paz ; Indios: apuntes históricas y leyendas ; Poesías ; Apéndice : Sargento primero ; Bolívar, de Trujillo a Caracas -- V. Teoría, critica y crónicas literarias --Creación literaria y actividad política VI. Mujeres en la vida de Hostos ; Hostos el sembrador ; Bolívar y la guerra social ; Juan Vicente Gómez, camino hacia el poder -- VII. Judas Iscariote, El calumniado ; David, biografía de un rey ; Simón Bolívar, biografía para escolares -- VIII. Textos autobiográficos. Cuba, la isla fascinante ; Viaje a los antípodas ; El PLD : un partido nuevo en América | |
| 505 | 0 | _aHistoria dominicana. IX. Trujillo : causas de una tiranía sin ejemplo ; La fortuna de Trujillo ; Carta para la historia ; Exilio y lucha antitrujillista ; Un capítulo nuevo en la lucha contra Trujillo ; Cayo Confites y la lucha contra Trujillo ; Un episodio de la lucha contra Trujillo : Cartas cruzadas con el cónsul de Trujillo en Curazao ; La Legión del Caribe : un fantasma de la historia ; Una orgía de sangre en la tierra de Trujillo ; La muerte de Trujillo : secreto develado ; Carta de Juan Bosch al dictador Trujillo ; Las dictaduras dominicanas. | |
| 505 | 0 | _a- X. Composición social dominicana ; Historia e interpretación -- La guerra de la restauración -- XI. Crisis de la democracia de América en la República Dominicana ; Tres artículos sobre la Revolución Dominicana ; La Revolución de Abril ; La República Dominicana : causas de la intervención militar norteamericana de 1965 ; -Clases sociales en la República Dominicana ; La pequeñaa burguesía en la historia de la República Dominicana -- XII. Capitalismo tardío en la República Dominicana ; El Estado, sus orígenes y desarrollo-- Historia del Caribe. XIII. De Cristóbal Colón a Fidel Castro; XIV. Apuntes para una interpretación de la historia costarricense ; Capitalismo, democracia y liberación nacional ; Póker de espanto en El Caribe -- - XV. Tesis políticas. El pentagonismo, sustituto del imperialismo ; Dictadura con respaldo popular--XVI. Textos históricos. Breve historia de la oligarquía ; Tres conferencias sobre el feudalismo ; Máximo Gómez : de Monte Cristi a la gloria ; Breve historia de los pueblos árabes -- XVII. Textos políticos. El Partido : concepción, organización y desarrollo ; 33 artículos de temas políticos -- XVIII. Textos económicos -- XIX. Discursos y charlas radiales, 1938-1965 -- XX. Discursos y charlas radiales, 1966-1967 -- | |
| 505 | 0 | _a- XXI. Discursos y charlas radiales, 1970 -- XXII. Discursos y charlas radiales, 1971-1972. XXXIII. Discursos y charlas radiales, 1973-1974 -- XXIV. Discursos y charlas radiales, 1975-1980 -- XXV. Discursos y charlas radiales, 1981 -- XXVI. Discursos y charlas radiales, 1982-1996 -- XXVII. Capacitación política y otros textos -- XXVIII. Informes al PLD y otros textos -- XXIX. Obra periodística (política, teoría y acción.prd), (política, teoría y acción. PLD) -- XXX. Obra periodística (Vanguardia del pueblo) (entrevistas 1974-1996, artículos 1974-1996) -- XXXI. Obra periodística Vanguardia del pueblo (artículos 1977-1982) -- XXXII. Obra periodística Vanguardia del pueblo (artículos 1982-1993) -- XXXIII. Obra periodística República Dominicana (1929-1995) Puerto Rico (1938-1940) -- XXXIV. Obra periodística Cuba (1938-1953) -- XXXV. Obra periodística Cuba (1944-1956), Costa Rica (1951-1961), Venezuela (1959), República Dominicana (1961-1996) -- XXXVI. Obra periodística Revista ¡Ahora! (1962-1988) | |
| 505 | 0 | _aXXXII. Obra periodística Vanguardia del pueblo (artículos 1982-1993) -- XXXIII. Obra periodística República Dominicana (1929-1995) Puerto Rico (1938-1940) -- XXXIV. Obra periodística Cuba (1938-1953) -- XXXV. Obra periodística Cuba (1944-1956), Costa Rica (1951-1961), Venezuela (1959), República Dominicana (1961-1996) -- XXXVI. Obra periodística Revista ¡Ahora! (1962-1988) -- XXXVII. Obra periodística Artículos (1963-1994), Entrevistas (1967-1993) -- XXXVIII. Obra periodística Entrevistas (1963-1991) -- XXXIX. Obra periodística entrevistas dispersas (1958-1993), Prólogos (1940-1989), Correspondencia publicada (1930-1973) -- XL. Indices -- - | |
| 650 | 4 |
_aLiteratura dominicana. _967 |
|
| 650 | 4 |
_aPolítica internacional _92879 |
|
| 651 | 4 |
_aRepública Dominicana _xHistoria _9170 |
|
| 651 | 4 |
_aRepública Dominicana _xPolítica y gobierno _y1930-1961 _9479 |
|
| 651 | 4 |
_aRepública Dominicana _xPolítica y gobierno _y1961- _9204 |
|
| 651 | 4 |
_aRepública Dominicana _xCondiciones económicas _9281 |
|
| 651 | 4 |
_aRepúbllica Dominicana _xCondiciones sociales _964236 |
|
| 651 | 4 |
_aRepública Dominicana _xBiografías _91325 |
|
| 651 | 4 |
_aAmérica Latina _xHistoria _91786 |
|
| 651 | 0 |
_aCaribe (Región) _xHistoria _987401 |
|
| 700 | 1 | 2 |
_aVerges, Pedro, _d1945- _eintroducción _4int. _912149 |
| 700 | 1 | 2 |
_aPiña Contreras, Guillermo, _epresentación y cronología _4pr. _95749 |
| 700 | 1 | 2 |
_aSelman Hasbún, Eduardo, _ecolaborador _4col. _964238 |
| 700 | 1 | 2 |
_aBalcácer, Juan Daniel, _d1949- _ecolaborador _4col. _96566 |
| 700 | 1 | 2 |
_aRosario Candelier, Bruno, _d1941- _eestudio y notas _4est. _9851 |
| 910 | _aValidado. Control de calidad MFF | ||
| 942 |
_2ddc _cLBS1 |
||
| 999 |
_c37270 _d37270 |
||